| 000 | 01054nam a22003377a 4500 | ||
|---|---|---|---|
| 003 | CHAP | ||
| 005 | 20220329135039.0 | ||
| 008 | 971013s1964 r 00010 d | ||
| 010 | _a30094 | ||
| 011 | _a31066 | ||
| 035 | _a35178 | ||
| 040 | _cCHAP | ||
| 082 |
_a628.1 _bL5 |
||
| 100 | 0 | 0 |
_aLinsley, Ray K. _967005 |
| 245 | _aWater-resources engineering | ||
| 260 |
_aNew York : _bMcGraw-Hill, _c1964 |
||
| 300 |
_a654 p. _b: ilus. |
||
| 490 | _aInternational student edition | ||
| 590 |
_aBATCH-UPD _b10 _c20130110 _lUCH01 _h0214 |
||
| 590 |
_aBATCH-UPD _b10 _c20130110 _lUCH01 _h1548 |
||
| 590 |
_aBATCH-UPD _b10 _c20130410 _lUCH01 _h0947 |
||
| 590 |
_aBATCH-UPD _b10 _c20130914 _lUCH01 _h1435 |
||
| 590 |
_aCONVERSION _b10 _c20130109 _lUCH01 _h1317 |
||
| 650 | 1 | 4 |
_aAgua _xAprovechamiento. _92282 |
| 650 | 1 | 4 |
_aIngenierĂa hidrĂ¡ulica. _958235 |
| 700 | 0 |
_aFranzini, Joseph B. _943053 |
|
| 830 | 0 |
_aInternational student edition _959845 |
|
| 901 | _aBK | ||
| 942 | _cLIBRO | ||
| 949 |
_a628.1 L5 _bBC _cLIBRO _d33724000023792 _eLIBRO _h11207 _i35178 _si _t75.00 |
||
| 999 |
_c30094 _d30094 |
||